A compendium of partial differential equation models : (Record no. 15201)

MARC details
000 -LEADER
fixed length control field 01559cam a2200337 i 4500
001 - CONTROL NUMBER
control field 15493739
003 - CONTROL NUMBER IDENTIFIER
control field EG-ScBUE
005 - DATE AND TIME OF LATEST TRANSACTION
control field 20241016090513.0
008 - FIXED-LENGTH DATA ELEMENTS--GENERAL INFORMATION
fixed length control field 081022s2009 enkaf f b 001 0 eng d
020 ## - INTERNATIONAL STANDARD BOOK NUMBER
International Standard Book Number 0521519861 (hardback)
020 ## - INTERNATIONAL STANDARD BOOK NUMBER
International Standard Book Number 9780521519861 (hardback)
035 ## - SYSTEM CONTROL NUMBER
System control number (OCoLC)ocn263409317
040 ## - CATALOGING SOURCE
Original cataloging agency DLC
Language of cataloging eng
Description conventions rda
Transcribing agency DLC
Modifying agency BTCTA
-- YDXCP
-- UKM
-- YDX
-- CDX
-- C#P
-- BWX
-- BWK
-- DLC
-- EG-ScBUE
082 04 - DEWEY DECIMAL CLASSIFICATION NUMBER
Classification number 515.353
Edition number 22
Item number SCH
100 1# - MAIN ENTRY--PERSONAL NAME
Personal name Schiesser, W. E.,
Relator term author.
9 (RLIN) 23418
245 12 - TITLE STATEMENT
Title A compendium of partial differential equation models :
Remainder of title method of lines analysis with Matlab /
Statement of responsibility, etc William E. Schiesser, Lehigh University, Bethlehem, PA, USA, Graham W. Griffiths, City University, London, UK.
264 #1 - PUBLICATION, DISTRIBUTION, ETC. (IMPRINT)
Place of publication, distribution, etc Cambridge ;
-- New York :
Name of publisher, distributor, etc Cambridge University Press,
Date of publication, distribution, etc 2009.
300 ## - PHYSICAL DESCRIPTION
Extent xiii, 474 pages, [2] pages of plates :
Other physical details illustrations (some color) ;
Dimensions 26 cm
336 ## - CONTENT TYPE
Source rdacontent
Content type term text
Content type code txt
337 ## - MEDIA TYPE
Media type term unmediated
Source rdamedia
Media type code n
338 ## - CARRIER TYPE
Carrier type term volume
Carrier type code nc
Source rdacarrier
504 ## - BIBLIOGRAPHY, ETC. NOTE
Bibliography, etc Includes bibliographical references and index.
630 07 - SUBJECT ADDED ENTRY--UNIFORM TITLE
Uniform title MATLAB.
Source of heading or term BUEsh
9 (RLIN) 23419
650 #7 - SUBJECT ADDED ENTRY--TOPICAL TERM
Topical term or geographic name as entry element Differential equations, Partial
General subdivision Mathematical models.
Source of heading or term BUEsh
9 (RLIN) 23420
653 ## - INDEX TERM--UNCONTROLLED
Arrived date list April2011
655 ## - INDEX TERM--GENRE/FORM
Form subdivision Reading book
700 1# - ADDED ENTRY--PERSONAL NAME
Personal name Griffiths, Graham W.,
Relator term author.
9 (RLIN) 23421
856 41 - ELECTRONIC LOCATION AND ACCESS
Materials specified Table of contents only
Uniform Resource Identifier <a href="http://www.loc.gov/catdir/toc/fy0905/2008045816.html">http://www.loc.gov/catdir/toc/fy0905/2008045816.html</a>
942 ## - ADDED ENTRY ELEMENTS (KOHA)
Source of classification or shelving scheme Dewey Decimal Classification
Koha item type Book - Borrowing
Holdings
Withdrawn status Lost status Source of classification or shelving scheme Damaged status Not for loan Collection code Home library Current library Shelving location Date acquired Source of acquisition Cost, normal purchase price Serial Enumeration / chronology Total Checkouts Full call number Barcode Date last seen Price effective from Koha item type
    Dewey Decimal Classification     Arab Oasis Central Library Central Library First floor 27/04/2011   578.00 72   515.353 SCH 000023423 15/07/2025 27/04/2011 Book - Borrowing